INTRODUCTION TO PROGRAMMING USING PYTHON (Record no. 15467)
[ view plain ]
| 000 -LEADER | |
|---|---|
| fixed length control field | 00246nam a22001097a 4500 |
| 003 - CONTROL NUMBER IDENTIFIER | |
| control field | SGT |
| 082 ## - DEWEY DECIMAL CLASSIFICATION NUMBER | |
| Item number | I17L |
| 100 ## - MAIN ENTRY--PERSONAL NAME | |
| Personal name | LIANG Y DANIEL |
| 245 ## - TITLE STATEMENT | |
| Title | INTRODUCTION TO PROGRAMMING USING PYTHON |
| 260 ## - PUBLICATION, DISTRIBUTION, ETC. (IMPRINT) | |
| Name of publisher, distributor, etc | PEARSON INDIA |
| Year of Publication | 2017 |
| 942 ## - ADDED ENTRY ELEMENTS (KOHA) | |
| Source of classification or shelving scheme | Dewey Decimal Classification |
| Koha item type | Books |
| 942 ## - ADDED ENTRY ELEMENTS (KOHA) | |
| -- | 2 |
| Withdrawn status | Lost status | Source of classification or shelving scheme | Damaged status | Not for loan | Collection code | Home library | Current library | Shelving location | Date acquired | SGTU | Total Checkouts | Full call number | Accession No. (Barcode) | Date last seen | Date last borrowed | Bill Date | Koha item type |
|---|---|---|---|---|---|---|---|---|---|---|---|---|---|---|---|---|---|
| Dewey Decimal Classification | COMMERCE MANAGEMENT | SGT Science & Social Sciences Library | SGT Science & Social Sciences Library | Text Book | 12/04/2018 | SGTU | 4 | I17L | CM3505 | 10/03/2026 | 16/02/2026 | 12/04/2018 | Books |